Survivor 47 Cast - Statistics

General Stats
  • This quiz has been taken 103 times
  • The average score is 15 of 18
Answer Stats
Hint Answer % Correct
Gata Andy
94%
Lavo Rome
93%
Gata Sam
93%
Tuku Sue
93%
Gata Rachel
91%
Lavo Sol
90%
Lavo Genevieve
88%
Tuku Caroline
85%
Gata Sierra
85%
Gata Anika
84%
Tuku Kyle
84%
Lavo Teeny
84%
Tuku Gabe
81%
Gata Jon
81%
Tuku TK
79%
Lavo Aysha
76%
Tuku Tiyana
75%
Lavo Kishan
72%
No matching quizzes found
Score Distribution
Percent of People with Each Score
Percentile by Number Answered
Your Score History
You have not taken this quiz